Formas de hacer amigos/ (Registro nro. 56894)

Detalles MARC
000 -CABECERA
Longitud fija campo de control 01341nam a2200361 i 4500
003 - • IDENTIFICADOR DELl NÚMERO DE CONTROL
Identificador del número de control CO-BoRNBP
005 - • FECHA Y HORA DE LA ÚLTIMA TRANSACCIÓN
Fecha y hora de la última transacción 20250212103554.0
007 - • CAMPO FIJO DE DESCRIPCIÓN FÍSICA
Campo fijo de descripción física ta
008 - • CÓDIGOS DE INFORMACIÓN DE LONGITUD FIJA
Códigos de información de longitud fija 250212s2023 ck a|||| |||| 00| 0 spa d
020 ## - • NÚMERO INTERNACIONAL NORMALIZADO PARA LIBROS
Número Internacional Normalizado para Libros (ISBN) 9786289602906
040 ## - FUENTE DE LA CATALOGACIÓN
Centro catalogador de origen CO-BoRNBP
Lengua de catalogación spa
Centro transcriptor CO-BoRNBP
Normas de descripción rda
041 ## - • CÓDIGO DE LENGUA
Código de lengua del texto/banda sonora o título independiente spa
043 ## - CÓDIGO DE ÁREA GEOGRÁFICA
Código de área geográfica s-ck---
084 ## - • Clasificación Local Alfanúmerica PNLB
Número de clasificación C BUI2
100 1# - • PUNTO DE ACCESO PRINCIPAL-NOMBRE DE PERSONA
Nombre de persona Buitrago, Jairo
Fechas asociadas al nombre 1970-
Término indicativo de función autor
245 10 - • TITULO PROPIAMENTE DICHO
Título Formas de hacer amigos/
Mención de responsabilidad, etc. Jairo Buitrago; ilustraciones, Mariana Ruiz Johnson
250 ## - • MENCIÓN DE EDICIÓN
Mención de edición Edición especial
264 #1 - PRODUCCIÓN, PUBLICACIÓN , DISTRIBUCIÓN, FABRICACIÓN Y COPYRIGHT
Lugar de producción, publicación, distribución, fabricación Bogotá, Colombia
Nombre del productor, editor, distribuidor, fabricante Lobolunar
Fecha de de producción, publicación, distribución, fabricación o copyright 2023
264 #4 - PRODUCCIÓN, PUBLICACIÓN , DISTRIBUCIÓN, FABRICACIÓN Y COPYRIGHT
Fecha de de producción, publicación, distribución, fabricación o copyright ©2023
300 ## - • DESCRIPCIÓN FÍSICA
Extensión 32 páginas sin numerar,
Otras características físicas ilustraciones acolor,
Dimensiones 28 cm
336 ## - TIPO DE CONTENIDO
Fuente rdacontent
Término de tipo de contenido texto
Código de tipo de contenido txt
337 ## - TIPO DE MEDIO
Fuente rdamedia
Nombre del tipo de medio sin mediación
Código del tipo de medio n
338 ## - TIPO DE SOPORTE
Fuente rdacarrier
Nombre del tipo de soporte volumen
Código del tipo de soporte nc
490 ## - • MENCIÓN DE SERIE
Mención de serie Plan Nacional de Lectura, Escritura y Oralidad
Nombre de la parte/sección (NR) Ministerio de Cultura
521 ## - • NOTA DE PÚBLICO DESTINATARIO
Nota público destinatario (R ) Recomendado para un público infantil a partir de los 6 años
650 17 - • PUNTO DE ACCESO ADICIONAL DE MATERIA - TÉRMINO DE MATERIA
Fuente del encabezamiento o término ARMARC
Término de materia o nombre geográfico como elemento inicial Cuentos infantiles colombianos
Subdivisión de forma Siglo XXI
650 17 - • PUNTO DE ACCESO ADICIONAL DE MATERIA - TÉRMINO DE MATERIA
Fuente del encabezamiento o término ARMARC
Término de materia o nombre geográfico como elemento inicial Literatura infantil colombiana
Subdivisión de forma Siglo XXI
650 17 - • PUNTO DE ACCESO ADICIONAL DE MATERIA - TÉRMINO DE MATERIA
Fuente del encabezamiento o término ARMARC
Término de materia o nombre geográfico como elemento inicial Amistad en la literatura
650 17 - • PUNTO DE ACCESO ADICIONAL DE MATERIA - TÉRMINO DE MATERIA
Fuente del encabezamiento o término ARMARC
Término de materia o nombre geográfico como elemento inicial Competencias comunicativas en niños
650 17 - • PUNTO DE ACCESO ADICIONAL DE MATERIA - TÉRMINO DE MATERIA
Fuente del encabezamiento o término ARMARC
Término de materia o nombre geográfico como elemento inicial Libros ilustrados para niños
700 1# - • PUNTO DE ACCESO ADICIONAL - NOMBRE DE PERSONA
Nombre de persona Ruiz Johnson, Mariana
Término indicativo de función ilustradora
942 ## - ENTRADA DE ELEMENTOS AGREGADOS (KOHA)
Fuente de clasificaión o esquema Dewey Decimal Classification
Koha [por defecto] tipo de item Libro Infantil
Existencias
Perdido Fuente de clasificación o esquema Estado Físico No para préstamo Forma de adquisición Localización permanente Localización actual Localización en estanterías Fecha adquisición Préstamos totales Signatura completa Código de barras Fecha última consulta Número de copia Fecha del precio de reemplazo Tipo de item de Koha Renovaciones totales Prestado Fecha último préstamo Fuente de adquisición
  Dewey Decimal Classification     Infantil Biblioteca Pública José Eustasio Rivera - San Martin Biblioteca Pública José Eustasio Rivera - San Martin Sala Infantil 09/23/2025   C BUI2 SM04095 09/23/2025 Ej.1 09/23/2025 Libro Infantil        
  Dewey Decimal Classification     Infantil Biblioteca Pública Puerto López - Jorge Eliecer Gaitán Biblioteca Pública Puerto López - Jorge Eliecer Gaitán Sala Infantil 01/27/2026   C BUI2 PLZ00604 01/27/2026 Ej.1 01/27/2026 Libro Infantil        
  Dewey Decimal Classification     Infantil Biblioteca Pública San Carlos de Guaroa - Eduardo Carranza Biblioteca Pública San Carlos de Guaroa - Eduardo Carranza Sala Infantil 08/20/2025   C BUI2 SG04122 08/20/2025 Ej.1 08/20/2025 Libro Infantil        
  Dewey Decimal Classification     Infantil Biblioteca Pública El Castillo - Alfonso Meneses Biblioteca Pública El Castillo - Alfonso Meneses Sala Infantil 10/08/2025   C BUI2 EC03081 10/08/2025 Ej.1 10/08/2025 Libro Infantil        
  Dewey Decimal Classification     Infantil Biblioteca Pública Granada - Boca del Monte Biblioteca Pública Granada - Boca del Monte Sala Infantil 01/28/2026   C BUI2 GRDA00617 01/28/2026 Ej.1 01/28/2026 Libro Infantil       Biblioteca Nacional de Colombia
  Dewey Decimal Classification     Infantil Biblioteca Pública Guamal Biblioteca Pública Guamal Sala Infantil 02/04/2025   C BUI2 GUA004749 02/12/2025 Ej.1 02/12/2025 Libro Infantil        
  Dewey Decimal Classification     Infantil Biblioteca Pública Mapiripan Biblioteca Pública Mapiripan Sala Infantil 08/20/2025   C BUI2 MAP00004330 08/20/2025 Ej.1 08/20/2025 Libro Infantil        
  Clasificación Local Facetada     Infantil Biblioteca Pública San Juanito - Ernesto Maria Peña Romero Biblioteca Pública San Juanito - Ernesto Maria Peña Romero Sala Infantil 08/22/2025 1 C BUI2 SJU01631 02/28/2026 Ej.1 08/22/2025 Libro Infantil 2 04/11/2026 02/28/2026  









Instituto Departamental de Cultura del Meta - Red Departamental de Bibliotecas Públicas del Meta.